Responses for Show #8892 - Tuesday, June 13, 2023

Suresh Krishnan game 6.

Contestants

[<< previous game]

Laura Blyler Scanland, a nonprofit fundraiser from Newport News, Virginia

Joe Seibert, a graduate student in physics from San Diego, California

Suresh Krishnan, a networking engineer from Suwanee, Georgia (whose 5-day cash winnings total $82,194)

[next game >>]

Jeopardy! Round responses

DADJECTIVES
FLOWERS
THE YEAR OF THE HORSE
LET'S CHECK YOUR FAMILY HISTORY
ACCESSORIES
AFTER THE FACT
    $200 9
hallowed

Triple Stumper
    $200 8
roses

Triple Stumper
    $200 2
Secretariat

Suresh
    $200 19
the Medici

Joe
    $200 10
a beret

Joe
    $200 1
a ball

Joe
    $400 15
paternal

Suresh
    $400 24
blue

Triple Stumper
    $400 3
(Joe: What is Black Beauty?)

Seabiscuit

SureshJoe
    $400 20
(Joe: What is Barnum?)

Ringling

JoeLaura
    $400 11
a fanny pack

Joe
    $400 5
(Paul) Revere

Suresh
    $600 16
deadbeat

Suresh
    $1,600 25
the mayflower

Joe
    $600 4
(Laura: What is Black Beauty?)

The Black Stallion

Laura
Triple Stumper
    $600 21
Mars

Suresh
    $600 12
a scrunchie

Joe
    $600 6
(Laura: What is antacid?)

Milk of Magnesia

SureshLaura
    $800 17
Cool

Triple Stumper
    $800 26
(Laura: What is horticultural?)
...
(Mayim: They are addictive.)

orchids

Laura
Triple Stumper
    $800 29
Elizabeth Taylor

Triple Stumper
    $800 22
Habsburg

Joe
    $800 13
a chandelier

Suresh
    $800 7
ruminant

Laura
    $1000 18
Big Daddy

Triple Stumper
    $1000 27
a chrysanthemum

Triple Stumper
    $1000 30
Seattle Slew

Triple Stumper
    $1000 23
Stroganov

Triple Stumper
    $1000 14
gloves

Laura
    $1000 28
(Alexander) Pope

Suresh

Scores at the first commercial break (after clue 15):

Suresh Joe Laura
$2,800 $1,000 $600

Scores at the end of the Jeopardy! Round:

Suresh Joe Laura
$5,000 $3,200 $200

Double Jeopardy! Round responses

DEEP BOOKS
PRESIDENTIAL CAMPAIGN SLOGANS
SILENT K WORDS
4-LETTER WORLD CITIES
CROP TO IT
STAND-UP SPECIALS
    $400 11
love

Suresh
    $400 16
Abraham Lincoln

Suresh
    $400 6
a knapsack

Suresh
    $400 1
Rome

Suresh
    $400 22
corn

Joe
    $400 21
Chris Rock

Suresh
    $800 12
Democracy

Suresh
    $800 17
(Andrew) Jackson

Joe
    $800 7
(I get) knocked down

Laura
    $800 2
Lima

Suresh
    $800 24
nitrogen

Joe
    $800 23
(Wanda) Sykes

Suresh
    $1200 13
What If?

Triple Stumper
    $1200 18
FDR

Joe
    $1200 8
knave

Joe
    $1200 3
Nice

Joe
    $1200 28
(Joe: What is soy? [**]?)
(Mayim: That's correct, [*].)

soybean(s)

Joe
    $1200 25
(Eddie) Murphy

Joe
    $1600 14
(Mayim: Yes, and we're very proud of Ken; that book comes out today.)

Valhalla

Joe
    $1600 19
(Joe: Uh... I don't know.)
(Suresh: Who is Nixon?)

Barry Goldwater

SureshJoe
Triple Stumper
    $1600 9
the Knot

Laura
    $2,000 4
(Mayim: Don't shake your head; it's gonna be fun.)
...
(Joe: What is...)

Doha, Qatar

Joe
    $1600 29
Timothy

Triple Stumper
    $1600 26
Sam Kinison

Triple Stumper
    $2000 15
Sentience

Suresh
    $2000 20
(Joe: Who is Teddy Roosevelt?)
(Suresh: Who is Wilson?)

William Jennings Bryan

SureshJoe
Triple Stumper
    $2,000 10
(Laura: What is... I don't know.)

knowledge is power

Laura
    $2000 5
Suva

Suresh
    $2000 30
Monsanto

Suresh
    $2000 27
Rothaniel

Triple Stumper

Scores at the end of the Double Jeopardy! Round:

Suresh Joe Laura
$11,800 $7,200 $600

[wagering suggestions for these scores]

Final Jeopardy! Round responses

ACTORS
(Mayim: [To Laura] The soundtracks were Grease and Saturday Night Fever.)
LauraWho is John Travolta Bacon
$599
JoeWho is Harrison Ford?
$6,000
SureshWho is Travolta
$2,601
John Travolta

Final scores:

Suresh Joe Laura
$14,401 $1,200 $1,199
6-day champion: $96,595 2nd place: $2,000 3rd place: $1,000

Game dynamics:

Coryat scores:

Suresh Joe Laura
$11,800 $8,200 $2,600
20 R,
2 W
16 R
(including 1 DD),
5 W
(including 1 DD)
5 R,
4 W
(including 1 DD)

Combined Coryat: $22,600

[game clues] [game scores] [suggest correction]

Game tape date: 2023-04-04
The J! Archive is created by fans, for fans. Scraping, republication, monetization, and malicious use prohibited; this site may use cookies and collect identifying information. See terms. The Jeopardy! game show and all elements thereof, including but not limited to copyright and trademark thereto, are the property of Jeopardy Productions, Inc. and are protected under law. This website is not affiliated with, sponsored by, or operated by Jeopardy Productions, Inc. Join the discussion at JBoard.tv.